| 000 | 00425pab a2200157 454500 | ||
|---|---|---|---|
| 008 | 180718b2004 xxu||||| |||| 00| 0 eng d | ||
| 100 | _aMclean, Iain | ||
| 245 | _aFiscal federalism in Australia | ||
| 260 | _c2004 | ||
| 300 | _ap.21-38. | ||
| 650 | _aFederalism - Australia | ||
| 650 | _aFiscal federalism - Australia | ||
| 650 | _aIntergovernmental fiscal relations | ||
| 773 | _aPublic Administration | ||
| 909 | _a61073 | ||
| 999 |
_c61073 _d61073 |
||